Responses for Show #7208 - Wednesday, January 6, 2016

Contestants

[<< previous game]

Matt Orlovick, a program analyst from Washington, D.C.

Sheila Churchill, a retired registered nurse from Braselton, Georgia

Steve Belding, an engineer from Knoxville, Tennessee (whose 1-day cash winnings total $24,401)

[next game >>]

Jeopardy! Round responses

WHEEL OF FORTUNE
FAMILY FEUD
NEWLYWED GAMES
THE AMERICAN BIBLE CHALLENGE
NAME THAT TUNE
LET'S MAKE A "DE-"
    $200 21
Rolls-Royce

Steve
    $200 10
clans

Steve
    $200 26
bridal registry

Steve
    $200 8
Cain

Matt
    $200 1
"Get Back"

Steve
    $200 6
deodorant

Matt
    $400 22
(Steve: What is Lamborghini?)

Ferrari

SteveMatt
    $400 16
Ted Williams

Steve
    $400 27
resize

Steve
    $400 9
the coat of many colors

Sheila
    $400 2
"California Gurls"

Steve
    $400 7
decapitate

Matt
    $600 23
Bentley

Matt
    $600 17
vendetta

Sheila
    $600 28
Dutch

Sheila
    $600 14
the seventh seal

Matt
    $600 3
"Honey, I'm Good."

Steve
    $600 11
Ellen DeGeneres

Triple Stumper
    $800 24
Cadillac

Sheila
    $800 18
Joan Fontaine

Sheila
    $800 29
Akita

Sheila
    $800 15
Jericho

Steve
    $800 4
(Steve: What is in the [*])?

"Purple Rain"

Steve
    $800 12
detachment

Sheila
    $1000 25
(John) DeLorean

Sheila
    $1000 19
(Aristotle) Onassis

Matt
    $1000 30
(Alex: Because paper is the traditional gift for that first anniversary.)

Crane

Sheila
    $2,000 20
(Matt: Who is Samuel?)
(Alex: No, who is [*]? Wise king [*].)

Solomon

Matt
    $1000 5
[Applause for Steve's run of the category]
(Alex: Hey, you did well in the category. Picked up all of the money.)

"Piano Man"

Steve
    $1000 13
a demerit

Matt

Scores at the first commercial break (after clue 15):

Steve Sheila Matt
$4,000 $1,200 $2,400

Scores at the end of the Jeopardy! Round:

Steve Sheila Matt
$4,800 $6,800 $2,400

Double Jeopardy! Round responses

REVOLUTIONARY QUOTATIONS
WHAT'S THE "‑OLOGY"?
OPEC NATIONS
ON THE STAGE
THE SUPER BOWL HEAD COACH'S TEAM
____ IN THE ____
    $400 2
the Declaration of Independence

Matt
    $400 1
(Alex: That's all about word origins, yeah.)

etymology

Sheila
    $400 26
Iran

Steve
    $400 6
Felix & Oscar

Steve
    $400 9
the (Chicago) Bears

Sheila
    $400 18
blue in the face

Matt
    $800 15
Valley Forge

Steve
    $800 3
cosmetology

Matt
    $800 27
Kuwait

Sheila
    $800 7
School of Rock

Steve
    $800 12
the Oakland Raiders

Steve
    $800 22
pie in the sky

Matt
    $1200 19
the Continental Congress

Sheila
    $1200 4
entomology

Matt
    $1200 28
Venezuela

Steve
    $1200 8
Our Town

Steve
    $1200 13
the Dolphins

Matt
    $1200 23
Singin' In The Rain

Matt
    $1600 20
Samuel Adams

Matt
    $1600 5
gastroenterology

Steve
    $3,000 29
(Steve: What is the Sudan?)

Libya

Steve
    $1600 10
Fun Home

Steve
    $1600 16
the Cowboys

Steve
    $1600 24
a diamond in the rough

Sheila
    $2000 21
if you can keep it

Matt
    $2000 14
(Matt: What is etiology?)

eschatology

Matt
Triple Stumper
    $2000 30
Qatar

Matt
    $2000 11
Major Barbara

Steve
    $2000 17
the (Washington) Redskins

Steve
    $5,000 25
(Sheila: What is Death in the Cathedral?)
(Alex: Ohhhh, no. Darn, you're so close. What is [*]. Boo, hiss.)

Murder in the Cathedral

Sheila

Scores at the end of the Double Jeopardy! Round:

Steve Sheila Matt
$16,200 $6,200 $12,000

[wagering suggestions for these scores]

Final Jeopardy! Round responses

SITCOMS
(Alex: The song was "Rock Around The Clock", Bill Haley and The Comets.)
SheilaWhat is All In The Family?
$6,200
MattWhat is Happy Days?
$5,000
SteveWhat is Happy Days?
$7,801
Happy Days

Final scores:

Steve Sheila Matt
$24,001 $0 $17,000
2-day champion: $48,402 3rd place: $1,000 2nd place: $2,000

Game dynamics:

Coryat scores:

Steve Sheila Matt
$19,200 $11,200 $14,000
23 R,
2 W
(including 1 DD)
14 R,
1 W
(including 1 DD)
18 R,
2 W
(including 1 DD)

Combined Coryat: $44,400

[game clues] [game scores] [suggest correction]

Game tape date: 2015-12-08
The J! Archive is created by fans, for fans. Scraping, republication, monetization, and malicious use prohibited; this site may use cookies and collect identifying information. See terms. The Jeopardy! game show and all elements thereof, including but not limited to copyright and trademark thereto, are the property of Jeopardy Productions, Inc. and are protected under law. This website is not affiliated with, sponsored by, or operated by Jeopardy Productions, Inc. Join the discussion at JBoard.tv.